000 00584nam a2200229Ia 4500
003 OSt
005 20221005124158.0
006 a|||||r|||| 00| 0
007 ta
008 221004b |||||||| |||| 00| 0 eng d
024 _a57964
037 _cTextual
040 _aCRL
_cCRL
_beng
041 _2eng
_aeng
082 _aV2:21wJ67, D4-;2
100 _aJahangueir
_9425184
245 0 _aMemoirs tr from a Persian by Major David Price
260 _c1904
650 _aHISTORY
942 _hV2:21wJ67, D4-;2
_cTEXL
_2cc
999 _c1049669
_d1049669